Elements that Begin with a Vowel - Statistics

General Stats
  • This quiz has been taken 39 times
    32 since last reset
  • The average score is 12 of 18
Answer Stats
Vowell Atomic Number Answer % Correct
O 8 Oxygen
100%
U 92 Uranium
97%
A 13 Aluminium
90%
A 18 Argon
90%
I 53 Iodine
90%
A 33 Arsenic
79%
I 26 Iron
79%
E 99 Einsteinium
76%
I 77 Iridium
72%
A 95 Americium
55%
A 51 Antimony
55%
O 76 Osmium
55%
I 49 Indium
52%
A 89 Actinium
45%
A 85 Astatine
45%
E 63 Europium
45%
E 68 Erbium
41%
O 118 Oganesson
41%
No matching quizzes found
Score Distribution
Percent of People with Each Score
Percentile by Number Answered
Your Score History
You have not taken this quiz since the last reset